Vocabulario vasco : ensayo de una interpretación de la lengua vasca / por A. Griera ensayo de una interpretación de la lengua vasca / por A. Griera
Publicado:
San Cugat del Vallés :
Instituto Internacional de Cultura Románica [de la Excma. Diputación Provincial de Barcelona] ,
1960
Descripción Física:
2 v. ; 26 cm
MARC
| LEADER | 00000nam a2200000Ia 4500 | ||
|---|---|---|---|
| 001 | 1666, 1667 | ||
| 008 | 160829s1960 xx 000 0 cat d | ||
| 080 | |a L-1-287, L-1-288 | ||
| 100 | 1 | |a Griera, A. |q (Antoni), |d 1887-1973 |9 36434 | |
| 245 | |a Vocabulario vasco : |b ensayo de una interpretación de la lengua vasca / por A. Griera | ||
| 260 | |a San Cugat del Vallés : |b Instituto Internacional de Cultura Románica [de la Excma. Diputación Provincial de Barcelona], |c 1960 | ||
| 300 | |a 2 v. ; |c 26 cm | ||
| 490 | |a Biblioteca filológica histórica ; 2, 3, 4, 5, 6, 7 | ||
| 590 | |a Textos en castellà i basc | ||
| 650 | |a Basc |x Història |9 31666 | ||
| 650 | |a Basc |x Glossaris, vocabularis, etc. |9 31667 | ||
| 710 | 1 | |a Barcelona (Catalunya : Província). |b Diputació |9 52408 | |
| 710 | 2 | |a Instituto Internacional de Cultura Románica |9 54313 | |
| 901 | |a Arxiu | ||
| 942 | |n 1 | ||
| 952 | |0 0 |1 0 |4 0 |6 L1287_L1288 |7 1 |9 45719 |a Arxiu |b Arxiu |d 2016-12-01 |l 0 |o L-1-287, L-1-288 |p 1666, 1667 |r 2016-12-01 00:00:00 |w 2016-12-01 |y ARXIU | ||
| 999 | |c 49219 |d 49219 | ||